Las Aguilas de Roma : libro I /

Shranjeno v:
Bibliografske podrobnosti
Glavni avtor: Marini, Enrico (autor)
Format: Knjiga
Jezik:španščina
Izdano: Barcelona, España : Norma, 2010, c2010
Izdaja:2a edición
Serija:(Las Aguilas de Roma ; 1)
Teme:
Oznake: Označite
Brez oznak, prvi označite!

MARC

LEADER 00000nam^a2200000^a^4500
001 000597130
005 20250526000000.0
009 20260310133121.002
020 |a 978-84-9847-495-4 
037 |a Acervo ITESO - Biblioteca 
041 |a GRA 
041 |a ESP 
082 |a 808. 83929  |b MAR AGU V. 1 
100 |a Marini, Enrico  |e (autor) 
240 1 5 |a [Las Aguilas de Roma] 
245 1 4 |a Las Aguilas de Roma :  |b libro I /  |c E. Marini ; tr. por Diego de los Santos. 
250 |a 2a edición 
264 4 |a Barcelona, España :  |b Norma,  |c 2010, c2010 
300 |a 58 p. ;  |c 30.0 cm. 
336 |a texto  |b txt  |2 rdacontenido 
337 |a sin mediación  |b n  |2 rdamedio 
338 |a volumen  |b nc  |2 rdasoporte 
440 5 |a (Las Aguilas de Roma ;  |v 1) 
500 |a Traducción de: Les Aigies de Rome 
546 |a Edición gráfica con texto en español 
649 |a XX 
650 |a Hermanos en la Literatura 
650 |a Novela Gráfica -  |z Suiza 
650 |a Novela Histórica -  |z Suiza 
650 |a Novela Suiza 
650 |a Literatura Suiza -  |y Siglo XXI 
650 |a Honor en la Literatura 
650 |a Erotismo en la Literatura 
650 |a Roma -  |x Historia 
910 |a Fondo Castillo-Martínez 
920 |a Impresos - Libros 
930 |a Libros Antiguos y Raros 
940 |a Literatura 
905 |a 108 
901 |a 597226-10  |b IT2  |c LRA  |i D128602  |u 20250526 
902 |a https://opac.biblio.iteso.mx/vufind/Record/000597130